Общесистемное математическое обеспечение ЭВМ третьего поколения для обработки данных

Chi tiết về thư mục
Tác giả chính: Зайцев Н. Г. Николай Георгиевич
Ngôn ngữ:Tiếng Nga
Được phát hành: Москва, Статистика, 1980
Những chủ đề:
Định dạng: Sách
KOHA link:https://koha.lib.tpu.ru/cgi-bin/koha/opac-detail.pl?biblionumber=368494

MARC

LEADER 00000nam0a2200000 4500
001 368494
005 20231102012104.0
035 |a (RuTPU)RU\TPU\retro\25876 
090 |a 368494 
100 |a 20220412d1980 km y0rusy50 ca 
101 0 |a rus 
102 |a RU 
105 |a a z 001zy 
200 1 |a Общесистемное математическое обеспечение ЭВМ третьего поколения для обработки данных  |f Н. Г. Зайцев 
210 |a Москва  |c Статистика  |d 1980 
215 |a 228 с.  |c ил. 
320 |a Библиогр.: с. 225-226 
606 1 |a Вычислительные машины электронные  |x Математическое обеспечение  |2 stltpush  |3 (RuTPU)RU\TPU\subj\4142  |9 32446 
610 1 |a ЭВМ 
610 1 |a обработка данных 
610 1 |a состав 
610 1 |a структура 
610 1 |a построение 
610 1 |a входной язык 
610 1 |a программные компоненты 
610 1 |a программы 
675 |a 681.3.06  |v 4 
700 1 |a Зайцев  |b Н. Г.  |g Николай Георгиевич 
801 1 |a RU  |b 63413507  |c 20220412 
942 |c BK